[Event "WchT 3rd"]
[Site "Luzern"]
[Date "1993.??.??"]
[Round "6.3"]
[White "Rodriguez Cespedes, Amador"]
[Black "Peng, Xiaomin"]
[Result "1/2-1/2"]
[WhiteElo "2490"]
[BlackElo "2445"]
[Annotator "Wolff,P"]
[PlyCount "60"]
[EventDate "1993.10.24"]
[EventType "team-tourn"]
[EventRounds "9"]
[EventCountry "SUI"]
[SourceTitle "CBM 038"]
[Source "ChessBase"]
[SourceDate "1994.02.01"]
[SourceVersion "1"]
[SourceVersionDate "1994.02.01"]
[SourceQuality "1"]
[WhiteTeam "Cuba"]
[BlackTeam "China"]
[WhiteTeamCountry "CUB"]
[BlackTeamCountry "CHN"]

1. e4 {Blatny,P} e5 2. Nf3 Nc6 3. Bb5 a6 4. Ba4 Nf6 5. O-O Be7 6. Re1 b5 7. Bb3
O-O 8. c3 d5 9. exd5 Nxd5 10. Nxe5 Nxe5 11. Rxe5 c6 12. d3 $5 {This is a
promising way to play for a safe slight advantage.} Bd6 13. Re1 Bf5 {White has
three moves to try to reach the main line of the d3 system: 12.d3, 12.Re1, and
12.g3. Against each move order Black has a way to try to avoid the main line,
and against this move order this is the recommended way.} (13... Qh4 14. g3 Qh3
15. Re4 {This has a good reputation for White these days. See especially
Ivanchuk-Kamsky, Tilburg 1992.} (15. Re4 {Blatny,P} Qf5 16. Nd2 Qg6 {/\f5}))
14. Qf3 Qh4 $5 $146 (14... Qd7 15. Bxd5 cxd5 16. Bf4 Bxf4 17. Qxf4 Bxd3 18. Nd2
Rfe8 (18... Rae8 19. Re3 Rxe3 20. Qxe3 $16 {Nunn, of the game Smagin-Geller,
GMA Moscow 1989}) 19. Re3 (19. h3 h6 20. Qd4 Bg6 21. Nb3 $14 {Anand-Adams,
Immopar 1992}) 19... Be2 $5 20. Nb3 Rxe3 21. Qxe3 Re8 22. Qd2 Bh5 23. f3 $5 {
+/=/+/-, Zagrebelny-Barcenilla, Asian Team (ch) 1993}) (14... Re8 15. Rxe8+
Qxe8 16. Nd2 (16. Bd2 Qe5 (16... Nf4 $5 {Nunn}) 17. g3 Re8 18. Na3 Bxa3 $1 (
18... Bh3 $6 19. Nc2 Qe2 20. Qxe2 Rxe2 21. Rd1 Bc5 22. d4 Bd6 23. Bxd5 cxd5 24.
Ne3 $16 {Agnos-Brandner, Arnhem Eu-chJ 1989}) 19. bxa3 Bh3 20. d4 Qe2 21. Qxe2
Rxe2 22. Re1 Rxe1+ 23. Bxe1 Nb6 $10 {Nunn}) 16... Qe1+ 17. Nf1 Bg6 18. g3 (18.
h3 Re8 19. Bd1 Bh2+ $1 20. Kxh2 Qxf1 21. Bd2 Qxd3 $10 {Dolmatov-Khalifman,
Moscow GMA 1990}) 18... Re8 19. Bd1 (19. Bxd5 $2 cxd5 20. Qxd5 $2 Bc5 $1 $17 {
Nunn}) 19... Qe6 20. Bd2 Qh3 21. a4 {White can look for improvments here.} b4
22. Rc1 h6 23. c4 Ne7 24. d4 $14 {Dolmatov-Kamsky, Dortmund, 1993}) 15. g3 (15.
h3 $5 Rae8 (15... Nf4 $5 16. Bxf4 Qxf4 (16... Bxf4 $4 17. g3) 17. Qxf4 Bxf4 18.
d4 Rfe8 19. Na3 Bd2 $44 {פa3, <->e, /\} 20. Red1 Re2) (15... Rfe8 $5) 16. Be3
(16. Rxe8 {Blatny,P} Rxe8 17. Bd2 Qe7 18. Na3 {Rodriguez,Am-Rubio Doblas,R/
Velez-Malaga/1991/} Bg6 $44) 16... Bxd3 (16... Nxe3 17. Rxe3 Rxe3 (17... Bxd3
$4 18. Rxe8 Rxe8 19. Qxf7+ $18) (17... Bg4 $6 18. hxg4 (18. Qxg4 $2 Rxe3 $1 $19
) 18... Rxe3 $1 19. Qxe3 $8 (19. fxe3 Qe1+ 20. Qf1 Bh2+) 19... Qh2+ 20. Kf1
Qh1+ (20... Bf4 $2 21. Qh3 $1 Qxh3 22. gxh3 Bc1 23. a4 $18) 21. Ke2 $16 {/\Bd1}
) 18. Qxe3 $16 {/\ Nd2-e4}) 17. Bxd5 cxd5 18. Qxd5 Rd8 $44 19. Bg5 $140 Qh5) (
15. Qxf5 $6 {Blatny,P} Qxh2+ 16. Kf1 Qh1+ 17. Ke2 Rae8+ 18. Be3 Nxe3 19. Rxh1 (
19. fxe3 $4 Rxe3+ 20. Kxe3 Qxe1+ 21. Kd4 Qg1+ 22. Ke4 Re8+ $19) 19... Nxf5+ $10
) 15... Qh3 16. Bxd5 $1 (16. Nd2 Rae8 17. Ne4 (17. Rxe8 Rxe8 18. Ne4 Bg4 (18...
Bxe4 19. dxe4 f5 20. Bxd5+ $1 (20. Bc2 Nf6) 20... cxd5 21. e5 $1 $16) 19. Qg2
f5 20. c4 fxe4 21. cxd5 exd3 22. dxc6+ Kh8 23. Qxh3 Bxh3 24. Be3 Bg4 $44) 17...
Bg4 18. Qg2 Qxg2+ 19. Kxg2 f5 20. Bf4 $1 (20. c4 fxe4 21. cxd5 (21. dxe4 bxc4
22. Bxc4 Bf3+ $19) 21... Bf3+ 22. Kg1 exd3 23. dxc6+ Kh8 $17) 20... Bxf4 21.
gxf4 fxe4 (21... Kh8 22. Bxd5 cxd5 23. Nc5 $16) 22. dxe4 Bf3+ $3 {Fritz} 23.
Kxf3 Rxf4+ 24. Kg3 Rfxe4 25. Rxe4 Rxe4 26. Kf3 (26. Rd1 Re2 $1) 26... Rf4+ $10)
16... cxd5 17. Bf4 $1 (17. Qxd5 Rad8 $1 $44 (17... Rfe8 18. Rxe8+ Rxe8 19. Be3
Rd8 20. Nd2 $16) (17... Rad8 {Blatny,P} 18. Qf3 Rfe8 19. Rxe8+ Rxe8 20. Bd2 Re5
$1 21. Na3 Be6 22. Qa8+ Bf8 23. Qg2 Qh5 $5 $132)) 17... Bxf4 18. Qxf4 Bxd3 19.
Nd2 $14 Rad8 (19... Rfe8 20. Re3) (19... Rfe8 $5 {Blatny,P}) 20. Re3 Bf5 21.
Rae1 (21. a4 $142 $1) 21... h6 22. Re5 Bg6 23. Nb3 (23. Qd4 $5 $14 {Blatny,P
_|_}) 23... Qc8 24. Qe3 Qc4 $1 $132 25. h4 Qa4 26. h5 Bh7 27. Qb6 Be4 28. Ra1 (
28. Nc5 {Blatny,P} Qxa2 29. Nxe4 dxe4 30. R1xe4 Qxb2 31. Qxa6 Rd2 32. Rxb5 $10)
28... Qc4 29. Re1 (29. Qxa6 $2 Qe2 {/\ 30...Qf3} (29... Ra8 {Blatny,P} 30. Qd6
Qxb3 $1 31. Rxe4 $8 Rxa2 $17) 30. Nd4 Qxb2 $17 (30... Qg4 $5 {/\ 31...Qh3})) (
29. Nd4 $5 {Blatny,P} Qc8 30. Nc6 Rde8 31. Ne7+ Rxe7 32. Rxe7 Qh3 33. Rxe4 dxe4
$13) 29... Qa4 30. Ra1 Qc4 1/2-1/2

[Event "Nabereznye Chelny"]
[Site "Nabereznye Chelny"]
[Date "1993.??.??"]
[Round "?"]
[White "Muhutdinov, Marat"]
[Black "Berzinsh, Roland"]
[Result "1-0"]
[WhiteElo "2480"]
[BlackElo "2370"]
[Annotator "Wolff,P"]
[PlyCount "107"]
[EventDate "1993.??.??"]
[EventType "tourn"]
[EventRounds "13"]
[EventCountry "RUS"]
[EventCategory "7"]
[SourceTitle "CBM 037"]
[Source "ChessBase"]
[SourceDate "1993.12.01"]
[SourceVersion "1"]
[SourceVersionDate "1993.12.01"]
[SourceQuality "1"]

1. e4 e5 2. Nf3 Nc6 3. Bb5 a6 4. Ba4 Nf6 5. O-O Be7 6. Re1 b5 7. Bb3 O-O 8. c3
d5 9. exd5 Nxd5 10. Nxe5 Nxe5 11. Rxe5 c6 12. Re1 (12. d4 Bd6 13. Re1 Qh4 14.
g3 Qh3 15. Be3 Bg4 16. Qd3 Rae8 17. Nd2 f5 18. f4 g5 19. Qf1 Qh5 20. Qg2 gxf4
21. Bxd5+ Kh8 $2 22. Bxf4 $1 Bxf4 23. Bxc6 Be3+ 24. Kh1 Re6 25. Bf3 $1 {
This is known to be clearly better for White. For example, see Anand's
excellent analysis in the C89 survey he did for ECO recently. This game does
nothing to challenge the assessment of +/-.} f4 26. Bxg4 Qxg4 27. Qf3 Qg7 28.
Re2 fxg3 29. Qxg3 Qh6 30. Rae1 Rg8 31. Qf3 Bf4 32. Ne4 Reg6 33. d5 $18 {
Dolmatov-Blatny, Pardulrice (6) 1993}) 12... Bd6 13. d3 Qh4 14. g3 Qh3 15. Re4
Bd7 $6 16. Nd2 g5 17. Nf3 (17. Re2 $1 f5 (17... Nf6 18. Ne4 Nxe4 19. Rxe4 $16 {
Ivanchuk}) (17... Qh5 18. Re1 $1 $14 {Ivanchuk}) 18. c4 $1 f4 19. Qf1 $1 fxg3
20. hxg3 Qh5 $2 (20... Nf4 21. c5+ Kh8 22. cxd6 {Ivanchuk gives a very long
analysis in 56/379 which leads to a clear advantage for White.}) 21. cxd5 Bg4
22. dxc6+ Kg7 23. Re4 $1 $18 Bxg3 24. fxg3 Rxf1+ 25. Nxf1 {Ivanchuk-Kamsky, 56/
379} Bf3 $140 26. Re7+ Kh6 27. Re6+ Kg7 28. Bd2 {Ivanchuk}) 17... h6 18. Rd4
$146 {Ivanchuk, in the previously mentioned analysis, gives 17.Nf3 as
interesting, but continues with 18.Ne5 or 18.Qf1, both of which are only
unclear in his opinion.} Bc5 (18... Rae8 $5 19. Bxd5 $140 $2 cxd5 20. Rxd5 Bc6
21. Rxd6 Bxf3 $19) 19. Rxd5 cxd5 20. Bxd5 Rad8 21. d4 $14 Be6 22. Bxe6 fxe6 23.
Ne5 Bd6 24. Nd3 Qf5 25. Qe2 Rfe8 26. Be3 e5 27. Nxe5 Bxe5 28. dxe5 Rxe5 29. a4
g4 30. axb5 axb5 31. b4 Qe4 32. Qa2+ Kf8 33. Bc5+ Kg7 34. Bd4 Rxd4 35. Qa7+ Kg6
36. Ra6+ Re6 37. Rxe6+ Qxe6 38. Qxd4 h5 39. Qd3+ Kg7 40. Qxb5 Qe1+ 41. Qf1 Qxc3
42. Qb1 Qc6 43. b5 Qb7 44. b6 Kf6 45. Qc1 Kg6 46. Qc2+ Kf6 47. Qc3+ Kg6 48.
Qd3+ Kf6 49. Qd6+ Kf5 50. Qh6 Qd7 51. Qxh5+ Ke4 52. Qg6+ Kf3 53. Qf6+ Ke2 54.
Qe5+ 1-0